| Tag |
First Indicator |
Second Indicator |
Subfields |
| LEADER |
00000cam a2200000 4500 |
| 001 |
in00000061172 |
| 005 |
20151008051632.0 |
| 008 |
750424s1943 nyu 00000 eng u |
| 010 |
|
|
|a 43010842
|
| 035 |
|
|
|a (OCoLC)01296400
|
| 035 |
|
|
|9 AAG9096AM
|
| 040 |
|
|
|c CPL
|d TXA
|d UtOrBLW
|
| 049 |
|
|
|a TXAM
|c [116819]
|
| 050 |
0 |
0 |
|a UB210
|b .R4
|
| 082 |
0 |
|
|a 355.331
|
| 100 |
1 |
|
|a Reed, Prentiss Bishop,
|d 1908-
|
| 245 |
1 |
0 |
|a Personal leadership for combat officers ;
|b objectives and methods for leaders of tactical elements, combat teams and fire units /
|c by Prentiss B. Reed, jr.
|
| 264 |
|
1 |
|a New York,
|a London :
|b Whittlesey house :
|b McGraw-Hill book company, inc.,
|c [1943]
|
| 300 |
|
|
|a v, 116 pages ;
|c 20 cm.
|
| 336 |
|
|
|a text
|b txt
|2 rdacontent
|
| 337 |
|
|
|a unmediated
|b n
|2 rdamedia
|
| 338 |
|
|
|a volume
|b nc
|2 rdacarrier
|
| 650 |
|
0 |
|a Leadership.
|
| 999 |
|
|
|a MARS
|
| 999 |
f |
f |
|s fab6662d-6fc9-3f02-9fdd-14b15db2156f
|i 17d9354a-6181-3174-85b0-9d1be221b98e
|t 0
|
| 952 |
f |
f |
|p ric
|a Texas A&M University
|b Rellis Campus
|c Joint Library Facility
|d Remote Storage
|t 0
|e UB210 .R4
|h Library of Congress classification
|i unmediated -- volume
|m A14821473338
|
| 998 |
f |
f |
|a UB210 .R4
|t 0
|l Remote Storage
|